000 00488cam a2200145 4500500
005 20251228082909.0
041 _afre
042 _adc
100 1 0 _aBouchilloux, Hélène
_eauthor
245 0 0 _aRalph Cudworth adversaire du relativisme moral cartésien
260 _c2005.
500 _a4
786 0 _nDix-septième siècle | 226 | 1 | 2005-03-01 | p. 85-93 | 0012-4273
856 4 1 _uhttps://shs.cairn.info/revue-dix-septieme-siecle-2005-1-page-85?lang=fr&redirect-ssocas=7080
999 _c1600063
_d1600063